[Event "Lisbon Portugal rapid op"]
[Site "Lisbon"]
[Date "2017.02.11"]
[Round "7"]
[White "Sismeiro, Miguel"]
[Black "Cruz, Francisco Manuel Nu"]
[Result "0-1"]
[WhiteElo "1524"]
[BlackElo "1863"]
[PlyCount "62"]
[EventDate "2017.02.11"]
[EventType "swiss (rapid)"]
[EventRounds "8"]
[EventCountry "POR"]
[SourceTitle "CBM 176 Extra"]
[Source "ChessBase"]
[SourceDate "2017.03.02"]
[SourceVersion "1"]
[SourceVersionDate "2017.03.02"]
[SourceQuality "1"]

1. e4 d6 2. d4 Nf6 3. Nc3 g6 4. Bf4 Bg7 5. Nf3 h6 6. h3 g5 7. Bh2 c6 8. Qd2 Nbd7 9. Bd3 Qa5 10. 0-0 Qc7 11. Rfe1 e5 12. d5 c5 13. Nb5 Qb8 14. c4 a6 15. Nc3 Nf8 16. a3 Ng6 17. b4 Nd7 18. Rab1 Qc7 19. Qc2 Nf4 20. Bxf4 exf4 21. Re2 Ne5 22. bxc5 Nxf3+ 23. gxf3 Bxh3 24. cxd6 Qxd6 25. e5 Qxa3 26. Rb3 Qa1+ 27. Rb1 Qa3 28. Rb3 Qa1+ 29. Rb1 Qa3 30. Rb3 Qa1+ 31. Kh2 Qf1 0-1

[Event "Lisbon Portugal op"]
[Site "Lisbon"]
[Date "2017.02.08"]
[Round "7"]
[White "Cruz, Francisco Manuel Nu"]
[Black "Passeiro, Lourenco M Vilarigu"]
[Result "1-0"]
[WhiteElo "1863"]
[BlackElo "1407"]
[PlyCount "101"]
[EventDate "2017.02.04"]
[EventType "swiss"]
[EventRounds "9"]
[EventCountry "POR"]
[SourceTitle "CBM 176 Extra"]
[Source "ChessBase"]
[SourceDate "2017.03.02"]
[SourceVersion "1"]
[SourceVersionDate "2017.03.02"]
[SourceQuality "1"]

1. d4 Nf6 2. c4 e6 3. Nc3 Bb4 4. f3 0-0 5. e4 d6 6. Nge2 Nbd7 7. a3 Bxc3+ 8. Nxc3 Qe7 9. Be2 e5 10. Be3 b6 11. 0-0 Bb7 12. d5 a5 13. b4 Ba6 14. Qc2 Nh5 15. g3 Rfb8 16. f4 Nhf6 17. f5 Rc8 18. Kg2 h6 19. Rfc1 c5 20. dxc6 Rxc6 21. b5 Bxb5 22. cxb5 Rc7 23. Qd3 Nc5 24. Bxc5 dxc5 25. Nd5 Nxd5 26. Qxd5 Rd8 27. Qb3 Rd4 28. Qe3 Rcd7 29. Rc2 Qd8 30. Bc4 Rd2+ 31. Rxd2 Rxd2+ 32. Kh3 Qd4 33. Qxd4 exd4 34. Ra2 Rxa2 35. Bxa2 Kf8 36. Kg2 Ke7 37. e5 f6 38. e6 Kd6 39. Kf3 Ke7 40. Ke4 Kd6 41. Bc4 h5 42. a4 Ke7 43. Kd5 Ke8 44. Kc6 h4 45. Kxb6 hxg3 46. hxg3 g6 47. fxg6 Ke7 48. g7 f5 49. g8Q d3 50. Qf7+ Kd6 51. Qc7# 1-0

[Event "Lisbon Portugal op"]
[Site "Lisbon"]
[Date "2017.02.07"]
[Round "6"]
[White "Guerra, Vitor Manuel Vestia"]
[Black "Cruz, Francisco Manuel Nu"]
[Result "1-0"]
[WhiteElo "2130"]
[BlackElo "1863"]
[PlyCount "129"]
[EventDate "2017.02.04"]
[EventType "swiss"]
[EventRounds "9"]
[EventCountry "POR"]
[SourceTitle "CBM 176 Extra"]
[Source "ChessBase"]
[SourceDate "2017.03.02"]
[SourceVersion "1"]
[SourceVersionDate "2017.03.02"]
[SourceQuality "1"]

1. d4 d5 2. Nf3 Nf6 3. g3 c6 4. Bg2 g6 5. 0-0 Bg7 6. c4 dxc4 7. Ne5 0-0 8. Nxc4 Na6 9. Nc3 Be6 10. Ne5 Ng4 11. Nf3 Nb4 12. a3 Nd5 13. Na4 b6 14. e4 Nc7 15. h3 Nf6 16. Qc2 c5 17. dxc5 b5 18. Nc3 Qc8 19. Ng5 a5 20. Be3 Bc4 21. Rfd1 a4 22. Rd2 Bb3 23. Qc1 e5 24. Nd5 Qd8 25. Nb6 Qe7 26. Nxa8 Rxa8 27. h4 h6 28. Nh3 Ng4 29. Rd6 Ne6 30. Bf3 Nxe3 31. Qxe3 Rc8 32. Rc1 Rxc5 33. Rxc5 Nxc5 34. Qxc5 Bf8 35. Rxg6+ fxg6 36. Qxb5 Qc5 37. Qe8 Kg7 38. h5 Qd6 39. hxg6 Qxg6 40. Qxe5+ Qf6 41. Qc7+ Qf7 42. Qc3+ Kg8 43. Nf4 Bg7 44. e5 Qf5 45. Bd5+ Bxd5 46. Nxd5 Qxe5 47. Qxe5 Bxe5 48. Nc3 Kf7 49. Nxa4 Bd4 50. Nc3 Ke6 51. Kf1 Kd7 52. Ke2 Kc6 53. f3 Be5 54. g4 Kc5 55. Kd3 Bg7 56. b4+ Kc6 57. Kc4 Be5 58. Nd5 Bg3 59. a4 Kb7 60. b5 Be1 61. f4 Bg3 62. a5 Bf2 63. Kd3 Be1 64. a6+ Ka7 65. Ke4 1-0

[Event "Lisbon Portugal op"]
[Site "Lisbon"]
[Date "2017.02.05"]
[Round "4"]
[White "Guerreiro, Nuno M"]
[Black "Cruz, Francisco Manuel Nu"]
[Result "1-0"]
[WhiteElo "2157"]
[BlackElo "1863"]
[PlyCount "79"]
[EventDate "2017.02.04"]
[EventType "swiss"]
[EventRounds "9"]
[EventCountry "POR"]
[SourceTitle "CBM 176 Extra"]
[Source "ChessBase"]
[SourceDate "2017.03.02"]
[SourceVersion "1"]
[SourceVersionDate "2017.03.02"]
[SourceQuality "1"]

1. e4 c6 2. d4 d5 3. exd5 cxd5 4. c4 Nf6 5. Nc3 g6 6. Nf3 Bg7 7. cxd5 0-0 8. Be2 Na6 9. 0-0 Nb4 10. Re1 Nbxd5 11. Bg5 h6 12. Bh4 Qa5 13. Bf1 Bg4 14. Qd3 e6 15. Ne5 Bf5 16. Qf3 g5 17. Nc4 Qb4 18. a3 Qe7 19. Bg3 Rfd8 20. Be5 Qf8 21. Rac1 Rac8 22. h3 a6 23. Nd6 Rxd6 24. Bxd6 Rxc3 25. Bxf8 Rxf3 26. Bxg7 Rb3 27. Bxh6 Ne4 28. f3 Nd2 29. Bxg5 Rxb2 30. Re2 Nxf3+ 31. gxf3 Rb3 32. Rg2 Kh7 33. Bc4 Rxf3 34. Bxd5 exd5 35. h4 Be6 36. Rc7 b5 37. Be7 Rf4 38. Ra7 Rxd4 39. Ra8 Re4 40. Bf6 1-0

[Event "Lisbon Check Mate op 1st"]
[Site "Lisbon"]
[Date "2013.08.12"]
[Round "4.20"]
[White "Dias, Jose Oliveira Gaspa"]
[Black "Cruz, Francisco Manuel Nu"]
[Result "0-1"]
[WhiteElo "1620"]
[BlackElo "1849"]
[PlyCount "64"]
[EventDate "2013.08.10"]
[EventType "swiss"]
[EventRounds "7"]
[EventCountry "POR"]
[SourceTitle "EXT 2015"]
[Source "ChessBase"]
[SourceDate "2014.11.20"]
[SourceVersion "1"]
[SourceVersionDate "2014.11.20"]
[SourceQuality "1"]

1. Nf3 Nf6 2. g3 d5 3. Bg2 c5 4. 0-0 Nc6 5. d3 e5 6. Nbd2 Be7 7. Re1 0-0 8. e4 d4 9. Nf1 Ne8 10. h3 Be6 11. N1h2 Nd6 12. c3 b5 13. g4 Rc8 14. Nf1 Qb6 15. Ng3 Rfd8 16. Kh1 dxc3 17. bxc3 b4 18. Qc2 bxc3 19. Qxc3 Nb5 20. Qd2 c4 21. Bf1 Bb4 22. Qg5 Bxe1 23. Be3 Qa5 24. Rxe1 f6 25. Qh4 Ncd4 26. Bxd4 Nxd4 27. Nxd4 Rxd4 28. Rc1 Qd2 29. Rxc4 Bxc4 30. dxc4 Qxf2 31. Qh5 Qxg3 32. Qf5 Rcd8 0-1

[Event "POR-ch U12"]
[Site "Armacao de Pera"]
[Date "2001.04.07"]
[Round "1.3"]
[White "Verissimo, Pedro Miguel Beleza"]
[Black "Cruz, Francisco Manuel Nu"]
[Result "1-0"]
[WhiteElo "1503"]
[BlackElo "1260"]
[PlyCount "69"]
[EventDate "2001.04.07"]
[EventType "swiss"]
[EventRounds "7"]
[EventCountry "POR"]
[SourceTitle "EXT 2002"]
[Source "ChessBase"]
[SourceDate "2001.11.25"]
[SourceVersion "1"]
[SourceVersionDate "2001.11.25"]
[SourceQuality "1"]

1. e4 e5 2. Nf3 Nc6 3. Bc4 h6 4. Nc3 Nf6 5. 0-0 Bc5 6. d3 0-0 7. a3 b6 8. h3 Bb7 9. Bb5 Qe7 10. Nh2 a6 11. Bxc6 Bxc6 12. Ng4 Nxg4 13. Qxg4 Rfd8 14. Bxh6 Qf6 15. Bg5 Qe6 16. Qxe6 dxe6 17. Bxd8 Rxd8 18. Ne2 Ba4 19. Rac1 b5 20. b3 Bxa3 21. Ra1 Bb2 22. Ra2 Bxb3 23. cxb3 Bd4 24. Rxa6 b4 25. Nxd4 Rxd4 26. Rd1 g5 27. Rc6 f5 28. Rxc7 fxe4 29. Ra1 Rd8 30. dxe4 Kh8 31. Ra5 Rd1+ 32. Kh2 Rd8 33. Rxe5 Rg8 34. Rxe6 g4 35. Rh6# 1-0